LEADER 00957nam0-22003251i-450- 001 990007846420403321 005 20031222104745.0 010 $a2-86537-530-7 035 $a000784642 035 $aFED01000784642 035 $a(Aleph)000784642FED01 035 $a000784642 100 $a20031222d1995----km-y0itay50------ba 101 1 $afre$aeng 102 $aFR 200 1 $aEntreprises et entrepreneurs africains$fsous la direction de Stephen Ellis et Yves-A. Faure 210 $aParis$cKarthala Orstom$d©1995 215 $a632 p.$d25 cm 225 1 $aHommes et sociétés 610 0 $aAfrica sud-sahariana$aIndustrializzazione$a1980-1992 676 $a338.7096 702 1$aEllis,$bStephen 702 1$aFaure,$bYves-A. 801 0$aIT$bUNINA$gRICA$2UNIMARC 901 $aBK 912 $a990007846420403321 952 $aXIV E 4149$b38918$fFSPBC 959 $aFSPBC 996 $aEntreprises et entrepreneurs africains$9671635 997 $aUNINA LEADER 01071nam--2200361---450- 001 990003692080203316 005 20120927101158.0 010 $a978-88-15-23955-6 035 $a000369208 035 $aUSA01000369208 035 $a(ALEPH)000369208USA01 035 $a000369208 100 $a20120927d2012----km-y0itay50------ba 101 0 $aita 102 $aIT 105 $ay|||z|||001yy 200 1 $a<> mondo della radio$edal transistor ai social network$fEnrico Menduni 205 $a2. ed 210 $aBologna$cIl Mulino$d2012 215 $a291 p.$d21 cm 225 2 $aUniversale paperbacks Il mulino$v404 410 0$12001$aUniversale paperbacks Il mulino$v404 606 0 $aTrasmissioni radiofoniche$2BNCF 676 $a384.54 700 1$aMENDUNI,$bEnrico$0126234 912 $a990003692080203316 951 $aIV.1. 1466$b238247 L.M.$cIV.1.$d00316614 959 $aBK 969 $aUMA 979 $aANNAMARIA$b90$c20120927$lUSA01$h1003 979 $aANNAMARIA$b90$c20120927$lUSA01$h1011 996 $aMondo della radio$952487 997 $aUNISA